00736nam a2200217 a 450000100100000000500170001000800410002702000150006804000250008304100380010808200220014610000340016824000530020224500860025525000110034126000390035230000210039149000150041253400740042783000170050100002532720200930023718.0101216s1978 fr r 000 | spa d a2855662036 aDO-SdBNPbspacBNPHU aspahfre2Código de idioma MARC axxxbM636u , 19891 aMikhaël Aïvanhov , Omraam 0aUne éducation qui commence avant la naissance.10aUna educación que comienza antes del nacimiento /cOmraam Mikhaël Aïvanhov. a3a ed. aBuenos Aires :bCalicanto ,c1978. a158 p. ;c18 cm.1 aIzvorv203 aTítulo original :tUne éducation qui commence avant la naissance. 0aIzvor ,v203